Zákon o zaručenej elektronickej fakturácii a centrálnom ekonomickom systéme ZÁKON č. 215/2019 Z. z. o zaručenej elektronickej fakturácii a centrálnom ekonomickom systéme s komentárom

Ustanovenia zákona č. 215/2019 Z. z. o zaručenej elektronickej fakturácii a centrálnom ekonomickom systéme a o doplnení niektorých zákonov. Základné ustanovenia, zaručená elektronická faktúra a povinnosť vydávať alebo príjmať zaručenú elektronickú faktúru. Zaručené elektronická fakturácia, fakturačn...

Ausführliche Beschreibung

Gespeichert in:
Bibliographische Detailangaben
1. Verfasser: Trizuliak, Tibor
Format: Buchkapitel
Sprache:Slowakisch
Schlagworte:
Tags: Tag hinzufügen
Keine Tags, Fügen Sie das erste Tag hinzu!

MARC

LEADER 00000naa a2200000 4500
001 0278282
005 20210906084215.0
041 0 |a slo 
044 |a SK 
245 1 0 |a Zákon o zaručenej elektronickej fakturácii a centrálnom ekonomickom systéme  |b ZÁKON č. 215/2019 Z. z. o zaručenej elektronickej fakturácii a centrálnom ekonomickom systéme s komentárom  |c Tibor Trizuliak 
520 |a Ustanovenia zákona č. 215/2019 Z. z. o zaručenej elektronickej fakturácii a centrálnom ekonomickom systéme a o doplnení niektorých zákonov. Základné ustanovenia, zaručená elektronická faktúra a povinnosť vydávať alebo príjmať zaručenú elektronickú faktúru. Zaručené elektronická fakturácia, fakturačný systém, registrácia vo fakturačnom systéme a centrálny ekonomický systém. 
610 2 0 |a legislatíva 
610 2 0 |a faktúry elektronické 
610 2 0 |a fakturovanie 
610 2 0 |a systémy ekonomické 
100 1 |a Trizuliak, Tibor